Sports Quiz

Random Sports or French Quiz
Score 0/122 Timer 15:00
0 Plays Today
Hint Answer % Correct
Ligue 1Paris SG
99%
Ligue 1Girondins de Bordeaux
97.8%
CFA Gr.DBordeaux B
97.8%
Ligue 1Olympique Lyonnais
97.6%
Ligue 1Olympique de Marseille
97.6%
CFA Gr.BLyon B
97.6%
Ligue 1FC Nantes
95.9%
CFA Gr.DNantes B
95.9%
Ligue 1Lille
95.3%
CFA Gr.ALille B
95.3%
Ligue 1AS Monaco
95.1%
Ligue 1Toulouse
95.1%
CFA Gr.CMonaco B
95.1%
CFA Gr.BAS Lyon-Duchère
94.3%
Ligue 1Stade Rennais
93.1%
Ligue 1Montpellier
92.7%
Ligue 1Saint-Etienne
92.1%
NationalGazelec Ajaccio
91.7%
Ligue 1AC Ajaccio
91.6%
Ligue 1OGC Nice
91%
CFA Gr.CNice B
91%
Ligue 2RC Lens
89.6%
CFA Gr.ALens B
89.6%
NationalRC Strasbourg
89.2%
Ligue 1SC Bastia
89%
Ligue 2CA Bastia
88.6%
Ligue 2SM Caen
86.2%
Ligue 2AJ Auxerre
85.9%
Ligue 2FC Metz
85.5%
Ligue 2AS Nancy-Lorraine
84.1%
Ligue 1FC Sochaux-Montbéliard
83.7%
CFA Gr.BSochaux B
83.7%
Ligue 2Stade Brestois 29
83.3%
Ligue 1Valenciennes
83.1%
Ligue 1Stade de Reims
82.3%
Ligue 1En Avant Guingamp
82.1%
Ligue 1FC Lorient
81.7%
Ligue 2Havre AC
81.3%
Ligue 2Dijon FCO
78.4%
NationalParis FC
77.6%
Ligue 2ESTAC Troyes
76.4%
Hint Answer % Correct
Ligue 1Evian-TG
76.2%
Ligue 2Nîmes Olympique
75.6%
CFA Gr.CGrenoble Foot 38
75%
CFA Gr.ALe Mans FC
73.7%
Ligue 2SCO Angers
72.1%
NationalAmiens SC
72.1%
CFA Gr.AAC Amiens
72.1%
Ligue 2AC Arles Avignon
70.1%
CFA Gr.APSG B
70.1%
Ligue 2Tours FC
69%
Ligue 2Clermont Foot
68.6%
NationalRed Star
66%
NationalUS Orléans LF
65.6%
CFA Gr.CAS Cannes
64.8%
NationalUS Boulogne CO
63.5%
Ligue 2Châteauroux
60.1%
Ligue 2Stade Lavallois
58.7%
Ligue 2Chamois Niortais
55.2%
Ligue 2US Créteil
54.8%
Ligue 2FC Istres
51.1%
NationalVannes OC
50.7%
CFA Gr.CPau FC
49.5%
NationalUSL Dunkerque
46.8%
CFA Gr.BFC Mulhouse
46%
NationalFC Bourg-Péronnas
42.8%
NationalSR Colmar
42.8%
CFA Gr.CAS Valence
42.2%
CFA Gr.CFC Martigues
41.5%
CFA Gr.AAS Beauvais Oise
38.7%
CFA Gr.AUS Quevilly
38.1%
CFA Gr.CAS Béziers
32.2%
NationalLuzenac AP
31.2%
CFA Gr.DAS Cherbourg
31.2%
CFA Gr.BSAS Épinal
29.3%
CFA Gr.CRodez AF
28.3%
NationalÉFC Fréjus Saint-Raphaël
28.1%
CFA Gr.AFC Chambly Thelle
22.8%
CFA Gr.CGS Consolat
22%
NationalUSJA Carquefou
21.2%
CFA Gr.DVendée Les Herbiers
21%
CFA Gr.BASM Belfort
20.4%
Hint Answer % Correct
CFA Gr.DUS Avranches
19.4%
CFA Gr.AFC Dieppe
18.5%
CFA Gr.DUS Saint-Malo
17.7%
CFA Gr.DUS Concarneau
17.1%
CFA Gr.CTarbes PF
16.3%
CFA Gr.AEntente Sannois Saint-Gratien
15.9%
CFA Gr.BAS Moulins
14.9%
CFA Gr.BUS Raon
14.5%
CFA Gr.AUS Ivry
12.8%
NationalLe Poiré-sur-Vie VF
12.6%
CFA Gr.DAS Vitré
12%
NationalLuçon VF
11.8%
CFA Gr.DStade Plabennecois
11.6%
CFA Gr.AFC Mantois 78
11.4%
CFA Gr.BFC Villefranche
11.2%
CFA Gr.CFC Calvi
11.2%
CFA Gr.AJA Drancy
11%
NationalES Uzès-Pont-du-Gard
10.6%
CFA Gr.BAS Yzeure
10.6%
CFA Gr.BJura Sud
10.6%
CFA Gr.DGSI Pontivy
10.2%
NationalUS Colomiers
9.6%
CFA Gr.BAS Saint-Priest
9.4%
CFA Gr.BVesoul HSF
9.4%
CFA Gr.DSO Romorantin-Lanthenay
9.4%
CFA Gr.AFCM Aubervilliers
9.2%
CFA Gr.BFC Montceau
9%
CFA Gr.DTrélissac FC
7.9%
CFA Gr.CUS Marignane
7.7%
CFA Gr.BUS Sarre-Union
6.5%
CFA Gr.CHyères FC
6.3%
CFA Gr.DJeunesse Villenavaise
6.1%
CFA Gr.DVendée Fontenay Foot
5.9%
CFA Gr.AUS Roye
5.7%
CFA Gr.DStade Bordelais
5.5%
CFA Gr.DES Viry-Châtillon
4.9%
CFA Gr.AVillemomble Sports
4.5%
CFA Gr.CUS Le Pontet
4.1%
CFA Gr.CStade Montois
1.8%
CFA Gr.BMO Azergues Foot
1.4%
Remove Ads.
Support Sporcle.
Get the best of Sporcle when you Go Orange. This ad-free experience offers more features, more stats, and more fun while also helping to support Sporcle. Thank you for becoming a member.

You're not logged in!

Compare scores with friends on all Sporcle quizzes.
OR
Log In

Show Comments

Extras

Top Quizzes Today


Score Distribution

Your Account Isn't Verified!

In order to create a playlist on Sporcle, you need to verify the email address you used during registration. Go to your Sporcle Settings to finish the process.

Report this User

Report this user for behavior that violates our Community Guidelines.

Details: